Central Library OPAC University of Rajshahi

Rayden's Practice and law in the Divorce division of the High court of justice and on appeal therefrom / (Record no. 5304)

MARC details
000 -LEADER
fixed length control field 01385cam a2200349u 4500
001 - CONTROL NUMBER
control field 5304
003 - CONTROL NUMBER IDENTIFIER
rucl marc code BD-RjUL
005 - DATE AND TIME OF LATEST TRANSACTION
control field 20211208234038.0
008 - FIXED-LENGTH DATA ELEMENTS--GENERAL INFORMATION
fixed length control field 131224s1953 enk 001 0 eng d
035 ## - SYSTEM CONTROL NUMBER
System control number (BD-RjUL)5340
040 ## - CATALOGING SOURCE
Original cataloging agency DLC
Transcribing agency CarP
Modifying agency DLC
Language of cataloging eng
041 ## - LANGUAGE CODE
Language code of text/sound track or separate title eng
082 04 - DEWEY DECIMAL CLASSIFICATION NUMBER
Classification number 347.05
Author mark and year RAY
245 00 - TITLE STATEMENT
Title Rayden's Practice and law in the Divorce division of the High court of justice and on appeal therefrom /
Statement of responsibility, etc. Ed by F.C Ottway
250 ## - EDITION STATEMENT
Edition statement 16th ed.
260 ## - PUBLICATION, DISTRIBUTION, ETC. (IMPRINT)
Place of publication, distribution, etc. London,
Name of publisher, distributor, etc. Butterworth & co. ltd.;
Place of publication, distribution, etc. Toronto,
Name of publisher, distributor, etc. Butterworth & co. (Canada) ltd.; [etc., etc.]
Date of publication, distribution, etc. 1953
300 ## - PHYSICAL DESCRIPTION
Pagination cxxviii, 1123p. ;
Size 26 cm.
504 ## - BIBLIOGRAPHY, ETC. NOTE
Bibliography, etc Includes Index
650 #0 - SUBJECT ADDED ENTRY--TOPICAL TERM
Topical term or geographic name as entry element Civil procedure
Geographic subdivision Great Britain.
9 (RLIN) 13474
Topical term or geographic name as entry element Divorce
Geographic subdivision Great Britain.
9 (RLIN) 13992
Topical term or geographic name as entry element Marriage law
Geographic subdivision Great Britain.
9 (RLIN) 16673
Topical term or geographic name as entry element Forms (Law)
Geographic subdivision Great Britain.
9 (RLIN) 16674
700 1# - ADDED ENTRY--PERSONAL NAME
Personal name Middleton, Noel. [from old catalog]
Personal name Wilkinson, Cyril Theodore Anstruther. [from old catalog]
Personal name Miller, John Compton,
Relator term ed.
Personal name Ottway, F. C., [from old catalog]
Relator term joint ed.
710 1# - ADDED ENTRY--CORPORATE NAME
Corporate name or jurisdiction name as entry element Great Britain.
Subordinate unit High court of justice.
-- Probate, divorce and admiralty division. [from old catalog]
9 (RLIN) 16679
Corporate name or jurisdiction name as entry element Great Britain.
Form subheading Laws, statutes, etc. [from old catalog]
9 (RLIN) 7580
942 ## - ADDED ENTRY ELEMENTS (KOHA)
Source of classification or shelving scheme Dewey Decimal Classification
Koha item type Books
Holdings
Lost status Source of classification or shelving scheme Damaged status Not for loan Collection code Permanent Location Current Location Shelving location Date acquired Source of acquisition Cost, normal purchase price Total Checkouts Full call number Date last seen Copy number Koha item type
  Dewey Decimal Classification   Not For Loan Non-fiction Central Library, University of Rajshahi Central Library, University of Rajshahi   13/12/1955 Allies Book Cop. 71.10   347.05 RAY 1953 24/12/2013 C-1 Books